000
00214 a2200097 4500
001
7052
100
_a
Haq, S.M
245
_a
Great revolution of 1957
260
_a
_b
Pak historical society
_c
090
_c
5822
_d
5822
942
_a
NUST-CAE
_c
M
_c
32292
999
_c
242125
_d
242125